000 00261nam a2200109Ia 4500
008 220204s9999 xx 000 0 und d
082 _a82-3
_bCRO
100 _aCrosby, John
245 0 _aCompany of friends
260 _aLondon
_bJonathan Cape
_c1977
942 _cBK
999 _c28008
_d28008